|
|
|
|
| LEADER |
00000cam a2200000 7i4500 |
| 001 |
0000001319 |
| 005 |
20140418.0 |
| 090 |
0 |
0 |
|a FAO634.97377
|b BOA 1995
|
| 100 |
1 |
0 |
|a BOA
|h Eric R.
|
| 245 |
1 |
2 |
|a A guide to the identification of diseases and pests of neem )azadirachta indica)
|c Eric R. Boa
|
| 260 |
0 |
0 |
|a Bangkok :
|b Regional Office for Asia and the Pacific (RAPA) ,
|c 1995
|
| 300 |
|
|
|a iii, 71 p. :
|b col. ill. ;
|c 30 cm.
|
| 440 |
0 |
0 |
|a RAP publication : 1995/41
|
| 500 |
0 |
0 |
|a Bibliography : [p. 66-71]
|
| 650 |
0 |
0 |
|a Neem
|x Diseases and pests
|x Handbooks, manuals, etc.
|
| 710 |
1 |
1 |
|a Food and Agriculture Organization of the United Nations (FAO)
|
| 998 |
|
|
|a JPSM
|
| 999 |
|
|
|a 0000000681
|b Monograph
|c Food and Agriculture Organization
|e Default branch
|